<?xml version="1.0" encoding="UTF-8"?>
<record
    xmlns:xsi="http://www.w3.org/2001/XMLSchema-instance"
    xsi:schemaLocation="http://www.loc.gov/MARC21/slim http://www.loc.gov/standards/marcxml/schema/MARC21slim.xsd"
    xmlns="http://www.loc.gov/MARC21/slim">

  <leader>01730nam0a2200349   4500</leader>
  <controlfield tag="001">RU\NLR\BIBL_A\010918440</controlfield>
  <controlfield tag="005">20260406082216.0</controlfield>
  <datafield tag="010" ind1=" " ind2=" ">
    <subfield code="a">978-5-94552-192-6</subfield>
    <subfield code="9">102</subfield>
  </datafield>
  <datafield tag="021" ind1=" " ind2=" ">
    <subfield code="a">RU</subfield>
    <subfield code="b">2015-87415</subfield>
    <subfield code="9">5372</subfield>
  </datafield>
  <datafield tag="035" ind1=" " ind2=" ">
    <subfield code="a">(NILC)RuMoRGB-008064851</subfield>
  </datafield>
  <datafield tag="035" ind1=" " ind2=" ">
    <subfield code="a">(NLR Aleph) 010918440</subfield>
  </datafield>
  <datafield tag="090" ind1=" " ind2=" ">
    <subfield code="a">10664770</subfield>
    <subfield code="c">10664770</subfield>
  </datafield>
  <datafield tag="100" ind1=" " ind2=" ">
    <subfield code="a">20151204d2015    |||y0rusy50      ca</subfield>
  </datafield>
  <datafield tag="101" ind1="0" ind2=" ">
    <subfield code="a">rus</subfield>
  </datafield>
  <datafield tag="102" ind1=" " ind2=" ">
    <subfield code="a">RU</subfield>
  </datafield>
  <datafield tag="105" ind1=" " ind2=" ">
    <subfield code="a">y|||z||||01yd</subfield>
  </datafield>
  <datafield tag="200" ind1="1" ind2=" ">
    <subfield code="a">&#x42D;&#x43A;&#x441;&#x442;&#x440;&#x435;&#x43C;&#x438;&#x441;&#x442;&#x441;&#x43A;&#x430;&#x44F; &#x43E;&#x440;&#x433;&#x430;&#x43D;&#x438;&#x437;&#x430;&#x446;&#x438;&#x44F; "&#x41D;&#x443;&#x440;&#x434;&#x436;&#x443;&#x43B;&#x430;&#x440;": &#x438;&#x441;&#x442;&#x43E;&#x440;&#x438;&#x44F; &#x43F;&#x440;&#x43E;&#x438;&#x441;&#x445;&#x43E;&#x436;&#x434;&#x435;&#x43D;&#x438;&#x44F;, &#x434;&#x435;&#x44F;&#x442;&#x435;&#x43B;&#x44C;&#x43D;&#x43E;&#x441;&#x442;&#x44C;, &#x43F;&#x440;&#x43E;&#x431;&#x43B;&#x435;&#x43C;&#x44B; &#x43F;&#x440;&#x43E;&#x442;&#x438;&#x432;&#x43E;&#x434;&#x435;&#x439;&#x441;&#x442;&#x432;&#x438;&#x44F;</subfield>
    <subfield code="e">&#x443;&#x447;&#x435;&#x431;&#x43D;&#x43E;-&#x43C;&#x435;&#x442;&#x43E;&#x434;&#x438;&#x447;&#x435;&#x441;&#x43A;&#x43E;&#x435; &#x43F;&#x43E;&#x441;&#x43E;&#x431;&#x438;&#x435;</subfield>
    <subfield code="f">&#x421;. &#x412;. &#x41C;&#x43E;&#x438;&#x441;&#x435;&#x435;&#x432;, &#x410;. &#x41C;. &#x428;&#x430;&#x433;&#x430;&#x43D;&#x44F;&#x43D;</subfield>
    <subfield code="g">&#x41C;-&#x432;&#x43E; &#x432;&#x43D;&#x443;&#x442;&#x440;&#x435;&#x43D;&#x43D;&#x438;&#x445; &#x434;&#x435;&#x43B; &#x420;&#x43E;&#x441;&#x441;&#x438;&#x439;&#x441;&#x43A;&#x43E;&#x439; &#x424;&#x435;&#x434;&#x435;&#x440;&#x430;&#x446;&#x438;&#x438;, &#x411;&#x430;&#x440;&#x43D;&#x430;&#x443;&#x43B;&#x44C;&#x441;&#x43A;&#x438;&#x439; &#x44E;&#x440;&#x438;&#x434;&#x438;&#x447;&#x435;&#x441;&#x43A;&#x438;&#x439; &#x438;&#x43D;-&#x442;</subfield>
  </datafield>
  <datafield tag="210" ind1=" " ind2=" ">
    <subfield code="a">&#x411;&#x430;&#x440;&#x43D;&#x430;&#x443;&#x43B;</subfield>
    <subfield code="c">&#x411;&#x42E;&#x418;</subfield>
    <subfield code="d">2015</subfield>
  </datafield>
  <datafield tag="215" ind1=" " ind2=" ">
    <subfield code="a">30, [1] &#x441;.</subfield>
    <subfield code="d">21</subfield>
  </datafield>
  <datafield tag="320" ind1=" " ind2=" ">
    <subfield code="a">&#x411;&#x438;&#x431;&#x43B;&#x438;&#x43E;&#x433;&#x440;.: &#x441;. 30 (23 &#x43D;&#x430;&#x437;&#x432;.)</subfield>
  </datafield>
  <datafield tag="601" ind1="0" ind2="2">
    <subfield code="a">"&#x41D;&#x443;&#x440;&#x434;&#x436;&#x443;&#x43B;&#x430;&#x440;", &#x43C;&#x435;&#x436;&#x434;&#x443;&#x43D;&#x430;&#x440;&#x43E;&#x434;&#x43D;&#x430;&#x44F; &#x440;&#x435;&#x43B;&#x438;&#x433;&#x438;&#x43E;&#x437;&#x43D;&#x430;&#x44F; &#x43E;&#x440;&#x433;&#x430;&#x43D;&#x438;&#x437;&#x430;&#x446;&#x438;&#x44F;</subfield>
    <subfield code="9">2271540</subfield>
    <subfield code="3">RU\NLR\AUTH\6601590417</subfield>
  </datafield>
  <datafield tag="686" ind1="1" ind2=" ">
    <subfield code="a">&#x425;916.8</subfield>
  </datafield>
  <datafield tag="686" ind1="1" ind2=" ">
    <subfield code="a">&#x424;3(5)12</subfield>
  </datafield>
  <datafield tag="700" ind1=" " ind2="1">
    <subfield code="7">ca</subfield>
    <subfield code="8">rus</subfield>
    <subfield code="a">&#x41C;&#x43E;&#x438;&#x441;&#x435;&#x435;&#x432;</subfield>
    <subfield code="b">&#x421;. &#x412;.</subfield>
    <subfield code="c">&#x43A;&#x430;&#x43D;&#x434;. &#x438;&#x441;&#x442;. &#x43D;&#x430;&#x443;&#x43A;</subfield>
    <subfield code="g">&#x421;&#x435;&#x440;&#x433;&#x435;&#x439; &#x412;&#x43B;&#x430;&#x434;&#x438;&#x43C;&#x438;&#x440;&#x43E;&#x432;&#x438;&#x447;</subfield>
    <subfield code="3">RU\NLR\AUTH\770276934</subfield>
    <subfield code="9">2648901</subfield>
  </datafield>
  <datafield tag="701" ind1=" " ind2="1">
    <subfield code="a">&#x428;&#x430;&#x433;&#x430;&#x43D;&#x44F;&#x43D;</subfield>
    <subfield code="b">&#x410;. &#x41C;.</subfield>
    <subfield code="g">&#x410;&#x43D;&#x43D;&#x435;&#x442;&#x430; &#x41C;&#x438;&#x445;&#x430;&#x439;&#x43B;&#x43E;&#x432;&#x43D;&#x430;</subfield>
  </datafield>
  <datafield tag="801" ind1=" " ind2="0">
    <subfield code="a">RU</subfield>
    <subfield code="b">&#x420;&#x413;&#x411;</subfield>
    <subfield code="c">20151110</subfield>
    <subfield code="g">RCR</subfield>
  </datafield>
  <datafield tag="942" ind1=" " ind2=" ">
    <subfield code="c">BOOK</subfield>
  </datafield>
  <datafield tag="980" ind1=" " ind2=" ">
    <subfield code="a">NBR</subfield>
  </datafield>
  <datafield tag="980" ind1=" " ind2=" ">
    <subfield code="a">NB</subfield>
  </datafield>
  <datafield tag="995" ind1=" " ind2=" ">
    <subfield code="5">2015-12-04</subfield>
    <subfield code="a">ad</subfield>
    <subfield code="b">NLR01</subfield>
    <subfield code="c">NLR01</subfield>
    <subfield code="e">RF9</subfield>
    <subfield code="f">1-1211317</subfield>
    <subfield code="k">2015-4/17080</subfield>
    <subfield code="o">0</subfield>
    <subfield code="r">BOOK</subfield>
    <subfield code="s">2015417080_</subfield>
  </datafield>
  <datafield tag="995" ind1=" " ind2=" ">
    <subfield code="5">2015-12-04</subfield>
    <subfield code="a">ad</subfield>
    <subfield code="b">NLR01</subfield>
    <subfield code="c">NLR01</subfield>
    <subfield code="e">RF9</subfield>
    <subfield code="f">1-1211316</subfield>
    <subfield code="k">2015-4/17080</subfield>
    <subfield code="o">0</subfield>
    <subfield code="r">BOOK</subfield>
    <subfield code="s">2015417080_</subfield>
  </datafield>
</record>
